All Port Adelaide Power Players (1997-2025) - Statistics

General Stats
  • This quiz has been taken 6 times
  • The average score is 108 of 229
Answer Stats
Hint Answer % Correct
90s Brendon Lade
100%
10s Connor Rozee
100%
90s Darren Mead
100%
20s Harrison Ramm
100%
20s Jackson Mead
100%
20s Jason Horne-Francis
100%
20s Ollie Lord
100%
00s Robbie Gray
100%
10s Sam Gray
100%
10s Willem Drew
100%
20s Will Lorenz
100%
10s Zak Butters
100%
90s Adam Kingsley
75%
10s Brad Ebert
75%
20s Brandon Zerk-Thatcher
75%
90s Brayden Lyle
75%
00s Brett Ebert
75%
00s Brett Montgomery
75%
00s Byron Pickett
75%
90s Chad Cornes
75%
10s Chad Wingard
75%
00s Damien Hardwick
75%
10s Dan Houston
75%
20s Dante Visentini
75%
10s Darcy Byrne-Jones
75%
00s Darryl Wakelin
75%
90s David Brown
75%
00s David Rodan
75%
00s Dean Brogan
75%
00s Domenic Cassisi
75%
10s Dougal Howard
75%
20s Esava Ratugolea
75%
20s Ewan Mackinlay
75%
90s Fabian Francis
75%
20s Francis Evans
75%
90s Gavin Wanganeen
75%
20s Hugh Jackson
75%
20s Ivan Soldo
75%
20s Jack Lukosius
75%
20s Jack Whitlock
75%
10s Jake Neade
75%
10s Jared Polec
75%
20s Jase Burgoyne
75%
20s Joe Berry
75%
20s Joe Richards
75%
20s Jordon Sweet
75%
00s Josh Carr
75%
90s Josh Francou
75%
20s Josh Sinn
75%
00s Justin Westhoff
75%
00s Kane Cornes
75%
10s Kane Farrell
75%
20s Lachie Jones
75%
20s Logan Evans
75%
20s Mani Liddy
75%
00s Matthew Bishop
75%
00s Matthew Broadbent
75%
10s Matthew Lobbe
75%
90s Matthew Primus
75%
00s Matthew Westhoff
75%
00s Michael Pettigrew
75%
90s Michael Wilson
75%
20s Miles Bergman
75%
20s Mitch Georgiades
75%
10s Ollie Wines
75%
20s Orazio Fantasia
75%
90s Paul Evans
75%
90s Peter Burgoyne
75%
90s Roger James
75%
10s Ryan Burton
75%
10s Sam Powell-Pepper
75%
90s Scott Cummings
75%
00s Shaun Burgoyne
75%
90s Stephen Paxman
75%
00s Steven Salopek
75%
00s Stuart Cochrane
75%
10s Todd Marshall
75%
90s Tom Carr
75%
20s Tom Cochrane
75%
90s Warren Tredrea
75%
20s Willie Rioli
75%
00s Aaron Shattock
50%
10s Aaron Young
50%
90s Adam Heuskes
50%
20s Aliir Aliir
50%
00s Alipate Carlile
50%
10s Angus Monfries
50%
90s Barnaby French
50%
90s Bowen Lockwood
50%
00s Brent Guerra
50%
10s Cameron Sutcliffe
50%
10s Cam O'Shea
50%
10s Charlie Dixon
50%
90s Che Cockatoo-Collins
50%
00s Damon White
50%
00s Daniel Motlop
50%
00s Danyle Pearce
50%
90s Donald Dickie
50%
00s Hamish Hartlett
50%
90s Ian Downsborough
50%
10s Jackson Trengove
50%
10s Jack Trengove
50%
10s Jack Watts
50%
00s Jacob Surjan
50%
10s Jarman Impey
50%
90s Jarrad Schofield
50%
10s Jasper Pittard
50%
10s Jay Schulz
50%
20s Jeremy Finlayson
50%
10s John Butcher
50%
90s John Rombotis
50%
00s Josh Mahoney
50%
10s Kane Mitchell
50%
10s Karl Amon
50%
10s Lindsay Thomas
50%
00s Marlon Motlop
50%
10s Matthew White
50%
00s Matt Thomas
50%
90s Michael Stevens
50%
00s Nathan Krakouer
50%
00s Nathan Lonie
50%
90s Nick Stevens
50%
10s Paddy Ryder
50%
00s Peter Walsh
50%
20s Rory Atkins
50%
10s Scott Lycett
50%
90s Shane Bond
50%
90s Shayne Breuer
50%
90s Stephen Carter
50%
10s Steven Motlop
50%
90s Stuart Dew
50%
00s Toby Thurstans
50%
10s Tom Jonas
50%
10s Tom Rockliff
50%
00s Travis Boak
50%
00s Troy Chaplin
50%
10s Xavier Duursma
50%
00s Adam Cockshell
25%
00s Adam Morgan
25%
00s Adam Thomson
25%
10s Aidyn Johnson
25%
00s Allan Murray
25%
10s Andrew Moore
25%
00s Ben Eckermann
25%
10s Billy Frampton
25%
00s Brad Symes
25%
10s Brendon Ah Chee
25%
90s Brent Heaver
25%
90s Brett Chalmers
25%
10s Brett Eddy
25%
20s Brynn Teakle
25%
00s Cain Ackland
25%
10s Cameron Cloke
25%
10s Cameron Hitchcock
25%
10s Campbell Heath
25%
00s Chris Hall
25%
90s Chris Naish
25%
20s Christian Moraes
25%
10s Daniel Stewart
25%
90s Danny Morton
25%
10s Darren Pfeiffer
25%
90s Darryl Poole
25%
90s Derek Murray
25%
20s Dylan Williams
25%
00s Fabian Deluca
25%
00s Greg Bentley
25%
10s Jack Hombsch
25%
00s James Ezard
25%
90s Jared Poulton
25%
10s Jarrad Redden
25%
90s Jarrod Cotton
25%
00s Jaxon Crabb
25%
20s Jed McEntee
25%
10s Jesse Palmer
25%
10s Jimmy Toumpas
25%
10s John McCarthy
25%
10s Lewis Stevenson
25%
10s Logan Austin
25%
90s Mark Harwood
25%
20s Martin Frederick
25%
90s Matthew Bode
25%
90s Nathan Eagleton
25%
90s Nathan Steinberner
25%
00s Nick Lower
25%
00s Nick Salter
25%
90s Nigel Fiegert
25%
00s Paul Koulouriotis
25%
00s Paul Stewart
25%
10s Peter Ladhams
25%
20s Quinton Narkle
25%
10s Riley Bonner
25%
00s Ryan Williams
25%
00s Ryan Willits
25%
10s Sam Colquhoun
25%
20s Sam Hayes
25%
20s Sam Mayes
25%
10s Simon Phillips
25%
00s Stephen Gilham
25%
10s Tom Clurey
25%
90s Tom Harley
25%
00s Tom Logan
25%
10s Trent McKenzie
25%
00s Wade Thompson
25%
10s Ben Jacobs
0%
10s Ben Newton
0%
20s Boyd Woodcock
0%
10s Brent Renouf
0%
90s Damian Squire
0%
00s Danny Meyer
0%
10s Dom Barry
0%
00s Elijah Ware
0%
10s Jarrad Irons
0%
10s Jarrod Lienert
0%
00s Jason Davenport
0%
10s Jay Nash
0%
10s Joe Atley
0%
10s Joel Garner
0%
90s Mark Conway
0%
10s Mitch Banner
0%
00s Mitch Farmer
0%
10s Nathan Blee
0%
90s Paul Geister
0%
20s Sam Skinner
0%
90s Scott Bassett
0%
10s Scott Harding
0%
90s Stephen Daniels
0%
00s Steven Brosnan
0%
20s Trent Dumont
0%
10s Will Snelling
0%
No matching quizzes found
Score Distribution
Percent of People with Each Score
Percentile by Number Answered
Your Score History
You have not taken this quiz